| 000 | 00814cam a22002415a 4500 | ||
|---|---|---|---|
| 001 | 18747572 | ||
| 005 | 20151115152503.0 | ||
| 008 | 150818s2014 ii a frb 001 0 eng d | ||
| 020 | _a9339204964 | ||
| 020 | _a9789339204969 | ||
| 040 |
_aUKMGB _beng _cUKMGB _d EG-ScBUE |
||
| 082 | 0 | 4 |
_a629.1346 _222 _bAIR |
| 245 | 0 | 0 |
_aAircraft maintenance and repair / _cMichael J. Kroes ... [et al.] |
| 250 | _a7th ed., Indian ed. | ||
| 260 |
_aNew Delhi : _bMcGraw-Hill Education (India) Private Limited, _c2014. |
||
| 300 |
_axv, 713 p. : _bill. (some col.) ; _c28 cm. |
||
| 500 | _aIndex : p. 705-713. | ||
| 504 | _aIncludes bibliographical references. | ||
| 650 | 0 |
_aAirplanes _xMaintenance and repair _2BUEsh |
|
| 653 |
_bENGGEN _cAugust2015 _cNovember2015 |
||
| 700 | 1 | _aKroes, Michael J. | |
| 942 |
_2ddc _k629.1346 AIR |
||
| 999 |
_c20639 _d20611 |
||